| 000 | 00518nam a2200181Ia 4500 | ||
|---|---|---|---|
| 005 | 20250508151842.0 | ||
| 008 | 008 250505s9999 xx 000 0 eng d | ||
| 037 | _aTextual | ||
| 040 |
_aFEDL _beng _cFEDL |
||
| 041 |
_aeng _2eng |
||
| 084 |
_a428, FAS _qFEDL |
||
| 100 | _aFassett James H | ||
| 245 | 0 | _aBeacon readers original approach: Book one part two at play | |
| 260 |
_aLondon, UK _bGinn and Company Limited _c1955 |
||
| 300 | _a48p. | ||
| 942 |
_cTEXL _h428, FAS |
||
| 999 |
_c1332521 _d1332521 |
||